| 000 | 00895cam a2200289 i 4500 | ||
|---|---|---|---|
| 005 | 20260322212018.0 | ||
| 008 | data | ||
| 010 | _a 76002118 | ||
| 020 | _a087044199X | ||
| 020 | _a9780870441998 | ||
| 040 |
_aDLC _cDLC _dDLC |
||
| 042 | _alcac | ||
| 050 | 0 | 0 |
_aQL737.C432 _bB74 |
| 082 | 0 | 0 | _a599/.53 |
| 092 | _a599.5 B74 1976 | ||
| 100 | 1 | _aBridge, Linda McCarter. | |
| 245 | 1 | 4 |
_aThe playful dolphins / _cLinda McCarter Bridge & Lowell Georgia. |
| 260 |
_a[Washington] : _bNational Geographic Society, _cc1976. |
||
| 300 |
_a32 p. : _bchiefly col. ill. ; _c29 cm. |
||
| 440 | 0 | _aBooks for young explorers | |
| 520 | _aText and color photographs describe the lives of dolphins in oceanariums where some of them are trained to perform in shows. | ||
| 650 | 0 |
_aDolphins _xJuvenile literature. |
|
| 650 | 1 | _aDolphins. | |
| 700 | 1 | _aGeorgia, Lowell. | |
| 740 | _aDolphins. | ||
| 001 | data | ||
| 999 |
_c388 _d388 |
||